|
|
|
|
| LEADER |
00000cam a2200000 7i4500 |
| 001 |
0000003793 |
| 005 |
20220105103951.0 |
| 020 |
|
|
|a 9833449166
|
| 090 |
0 |
0 |
|a JP
|b ENG (5067)
|
| 245 |
1 |
4 |
|a The clever mousedeer
|c Adapted and retold by E.L.Soh
|
| 260 |
|
|
|a Kuala Lumpur :
|b Pustaka Buana ,
|c 2006
|
| 440 |
|
|
|a Stories from the land of dulukala
|
| 500 |
|
|
|a Children age 4-6 years old (yellow)
|
| 650 |
|
0 |
|a Junior fiction
|
| 700 |
0 |
|
|a Soh.E.L
|
| 999 |
|
|
|a 0000972183
|b Book
|c Children Collection
|e Cawangan Segamat
|
| 999 |
|
|
|a 0000974675
|b Book
|c Children Collection
|e Perbadanan Perpustakaan Awam Johor
|
| 999 |
|
|
|a 0000974676
|b Book
|c Children Collection
|e Perbadanan Perpustakaan Awam Johor
|
| 999 |
|
|
|a 0000974678
|b Book
|c Children Collection
|e Perbadanan Perpustakaan Awam Johor
|